000 01470nam a2200337 a 4500
001 000000708
003 DO-SdBNP
005 20180323092036.0
007 000000708
008 090422s2006 dr a 000 0bspa d
020 _z9993410101
040 _aBPMSU
_bspa
_cBPMSU
082 _a923.57293
_bE77C, 2006
100 1 _aCassá, Roberto
245 1 0 _aUlises Francisco Espaillat /
_cRoberto Cassá.
250 _a2a ed.
260 _aSanto Domingo :
_bTobogán,
_c2006.
300 _a59 p. :
_bil. ;
_c20 cm.
490 1 _aBiografías dominicanas Tobogán
505 1 _tSignificado como intelectual liberal --
_tOrígenes familiares y juventud --
_tPrimeras actividades políticas --
_tPor un sistema federal en la revolución de 1857 --
_tEminencia gris de la restauración --
_tSobre el remolino --
_tEl ideario democrático y nacional --
_tElección a la presidencia --
_tPlanes gubernamentales --
_tHostilidad de los caudillos --
_tCaída de la presidencia --
_tBibliografía.
600 1 4 _aESPAILLAT, ULISES FRANCISCO,
_d1823-1878
651 4 _aREPÚBLICA DOMINICANA
_xHISTORIA
_yRESTAURACIÓN, 1863-1865
651 4 _aREPÚBLICA DOMINICANA
_xBIOGRAFÍAS
830 0 _aBiografías dominicanas Tobogán
910 _aValidado. Control de calidad MFF
942 _2ddc
_cBK
945 _aInventariado, 2017/MFF
956 _aYPOLANCO
_b04
_c20110426
_lBND01
_h1530
956 _aTMEREDITH
_b10
_c20120203
_lBND01
_h0951
956 _aVMATEO
_b10
_c20150511
_lBMET02
_h00151
999 _c7851
_d7851